|
|
|
|
| LEADER |
01045naa a2200229 i 4500 |
| 001 |
acta67942 |
| 005 |
20260224081030.0 |
| 008 |
200511s2009 hu o 100 hun d |
| 020 |
|
|
|a 978-963-482-923-2
|
| 040 |
|
|
|a SZTE Egyetemi Kiadványok Repozitórium
|b hun
|
| 041 |
|
|
|a hun
|
| 100 |
1 |
|
|a Mihályi Kritsztián
|
| 245 |
1 |
2 |
|a A Nördlingen-Ries és a Steinheim meteoritkrátereket létrehozó szimultán becsapódás mechanizmusa és lehetséges következményei
|h [elektronikus dokumentum] /
|c Mihályi Kritsztián
|
| 260 |
|
|
|c 2009
|
| 300 |
|
|
|a 197-219
|
| 490 |
0 |
|
|a Természetföldrajzi folyamatok és formák : Geográfus Doktoranduszok IX. Országos Konferenciájának Természetföldrajzos Tanulmányai
|
| 650 |
|
4 |
|a Természettudományok
|
| 650 |
|
4 |
|a Föld- és kapcsolódó környezettudományok
|
| 695 |
|
|
|a Természeti földrajz, Geomorfológia
|
| 700 |
0 |
1 |
|a Gucsik Arnold
|e aut
|
| 700 |
0 |
1 |
|a Szabó József
|e aut
|
| 856 |
4 |
0 |
|u http://acta.bibl.u-szeged.hu/67942/1/2009_termeszetfoldrajzi_folyamatok_es_formak_197-219.pdf
|z Dokumentum-elérés
|